Chudoba, spoločenské súvislosti a sociálne politiky na jej odstránenie

Salvato in:
Dettagli Bibliografici
Autore principale: Halušková, Eva
Altri autori: Božik, Jozef
Natura: Libro
Lingua:slovacco
Pubblicazione: Bratislava Milan Štefanko - Vydavateľstvo IRIS 2015
Soggetti:
Tags: Aggiungi Tag
Nessun Tag, puoi essere il primo ad aggiungerne!!

MARC

LEADER 00000nam a2200000 4500
001 0237821
005 20240314094327.3
020 |a 978-80-8153-040-1 
041 0 |a slo 
044 |a SK 
245 1 0 |a Chudoba, spoločenské súvislosti a sociálne politiky na jej odstránenie  |c Eva Halušková, Jozef Božik 
264 1 |a Bratislava  |b Milan Štefanko - Vydavateľstvo IRIS  |c 2015 
300 |a 243 s. 
610 2 0 |a chudoba 
610 2 0 |a politika sociálna 
610 2 0 |a práva ľudské 
610 2 0 |a globalizácia 
610 2 0 |a nerovnosť sociálna 
610 2 0 |a spravodlivosť sociálna 
610 2 0 |a demokracia 
610 2 0 |a pomoc rozvojová 
610 2 0 |a reformy dôchodkové 
610 2 0 |a vylúčenie sociálne 
610 2 0 |a práca sociálna 
610 2 0 |a Slovensko 
610 2 0 |a Európska únia 
100 1 |a Halušková, Eva 
700 1 |a Božik, Jozef